000 01006caa a22002537a 4500
999 _c422197
_d422197
001 133455
003 UA-OsUOA
005 20200129124533.0
007 ta
008 20181023b un ||||| |||| 00| 0 ukr d
040 _aUA-OsUOA
_bukr
_cUA-OsUOA
_dUA-OsUOA
041 _aukr
080 _a908
090 _a908
_bБ14
100 _aБагмет М.
245 _aІван Огієнко (Митрополит Іларіон) — гідний продовжувач здобутків Острозьких першодрукарів
_cМ. Багмет, Н. Жук
300 _aС. 4–6
650 7 _a908 Краєзнавство
_2UDC
700 _aЖук Н.
773 0 _0308942
_9306606
_dОстрог Видавничий комплекс Університету "Острозька Академія" 2000
_o99670
_tНаукові записки
_w(UA-OsUOA) 22714
_z966-7631-03-6
942 _cBKA
_2udc
955 _a1